=LDR 00000nam 2200000 4500 =001 INLIS000000000042260 =005 20131008015038 =008 ***********************************ind** =035 ##$$0010-101300000000182 =041 ##$$a ind =082 ##$$a 796.32 =090 ##$$a 796.32, Din b =100 ##$$a Dinata, Marta =245 ##$$a Bola Basket, Marta Dinata =260 ##$$a 2006 $b Jakarta =300 ##$$a ii, 55 hlm., ilus, 23 cm =650 ##$$a Bola Basket =850 ##$$a NBPNMAT